César Birotteau /

Bibliographic Details
Main Author: Balzac, Honoré de, 1799-1850
Other Authors: Frenaye, Frances, 1912-
Format: Book
Language:English
Published: New York : Juniper Press, [1955]

MARC

Tag First Indicator Second Indicator Subfields
LEADER 00000cam a2200000 a 4500
001 in00000033794
005 20151007063317.0
008 740605s1955 nyu 000 f eng
010 |a  55007791  
035 |a (OCoLC)ocm00908944 
035 |a (OCoLC)00908944 
035 |9 AAD7080AM 
040 |a DLC  |c KSU  |d DLC  |d OCLCQ  |d BTCTA  |d TXA  |d UtOrBLW 
041 1 |a eng  |h fre 
042 |a pcc 
049 |a TXAM 
050 0 0 |a PZ3.B22  |b Ce 12 
050 4 |a PQ2163.C3  |b E5 1955 
100 1 |a Balzac, Honoré de,  |d 1799-1850. 
240 1 0 |a Histoire de la grandeur et de la décadence de César Birotteau.  |l English 
245 1 0 |a César Birotteau /  |c by Honoré de Balzac ; [translated by Frances Frenaye]. 
264 1 |a New York :  |b Juniper Press,  |c [1955] 
264 4 |c ©1955 
300 |a 314 pages ;  |c 22 cm. 
336 |a text  |b txt  |2 rdacontent 
337 |a unmediated  |b n  |2 rdamedia 
338 |a volume  |b nc  |2 rdacarrier 
500 |a Translation of Histoire de la grandeur et de la decadence de Cesar Birotteau. 
700 1 |a Frenaye, Frances,  |d 1912- 
938 |a Baker and Taylor  |b BTCP  |n 55007791 
949 |a updated  |b h  |c 2007/3/28  |e tchubary  |f 11:14:12 am 
994 |a C0  |b TXA 
999 |a MARS 
999 f f |s c5206272-8ffa-3b01-bd84-b95b8d2e6f0c  |i b9bde5d9-74c5-32e1-a2da-ed6e37527c78  |t 0 
952 f f |p ric  |a Texas A&M University  |b Rellis Campus  |c Joint Library Facility  |d Remote Storage  |t 0  |e PQ2163.C3 E5 1955  |h Library of Congress classification  |i unmediated -- volume  |m A14801367096 
998 f f |a PQ2163.C3 E5 1955  |t 0  |l Remote Storage